000 00571nam a2200193Ia 4500
005 20250326142954.0
008 250326s9999 xx 000 0 und d
020 _a1-878289-89-6
037 _aTextbook
040 _aFMSL
_beng
_cFMSL
041 _aeng
_2eng
084 _aLobD658(2:55) P1
_qFMSL
100 _aStegwee Robert
_9747023
245 0 _aStrategies for Healthcare Information Systems
_cStegwee Robert; Spil Ton
260 _aUSA
_bUSA, Idea Group
_c2001
300 _a222p
942 _cTB
_hLobD658(2:55) P1
999 _c1297527
_d1297527